00578cam a22001935a 450000500170000000800410001701000140005802000260007203500130009803700130011104000130012408200080013710000300014524500490017526000500022427000580027430000260033252000260035820091103014612.0090911s2009 ii ab b 100 0 eng d aENG-95392 a9788131306703c495.00 aEN-78925 aDBAD/PUB aDPLbeng a881 aParokode, P.L. Sreedharan aWeeping Womb :c by P.L. SreedharanbPoems / aNew Delhi :bAPH Publishing Corporationc2009 a4435-36/7. Ansari road, Darya GanjbNew Delhie110002 ax, 142p.c22 cm. (Hb) aContributed articles.